000
00300nam a22001337a 4500
008
190304b xxu||||| |||| 00| 0 eng d
020
_a
9780131756656
041
_a
eng
080
_2
2nd
_a
610.73
100
_a
2
101
_a
INF
245
_a
Pharmacology for Nurses
_c
Adams,M.P
942
_2
udc
_c
BK
999
_c
54406
_d
54406